000 00203nam a22000857a 4500
008 170127b xxu||||| |||| 00| 0 eng d
100 _92594
_aCBSE
245 _aMathematics AQP-IX
260 _aAGRA
_bOSWAAL
_c2011
999 _c5731
_d5731